000 00301nam a22001337a 4500
008 171124b xxu||||| |||| 00| 0 eng d
020 _a9780313306020
041 _aeng
080 _a32
100 _a19
101 _aPOL
245 _aLANDMARK SUPREME COURT CASES
_cDONALD.E.L
942 _2udc
_cBK
999 _c38503
_d38503